Normal view
MARC view
- Language - Literature
Entry Topical Term
001 - CONTROL NUMBER
- control field: 5819
003 - CONTROL NUMBER IDENTIFIER
- control field: JO-AjAnu
005 - DATE AND TIME OF LATEST TRANSACTION
- control field: 20230606071239.0
008 - FIXED-LENGTH DATA ELEMENTS
- fixed length control field: 230606|| aca||aabn | a|a d
040 ## - CATALOGING SOURCE
- Original cataloging agency: JO-AjAnu
- Transcribing agency: JO-AjAnu
150 ## - HEADING--TOPICAL TERM
- Topical term or geographic name entry element: Language - Literature
670 ## - SOURCE DATA FOUND
- Source citation: Work cat.: (JO-AjAnu)3015: Preparation AL-Awaisheh, Esraa Ahmad, Madleen Mohammad AL-Rashdan,؛ Abdulwahab ibrahim Alnaeem, Supervisor Mahmoud AL Sobh, Co Supervisor Abdullah ALMomani, author 5818, Department of English Language and Literature Common Spelling Errors committed by Ajloun National University EFL Students